000 01562nam a2200241Ia 4500
003 Ost
005 20260507075137.0
008 260507s9999||||xx |||||||||||||| ||und||
040 _cfsecg
041 _aara
082 _a330
100 _aالخطيب، خالد
_eمؤلف
245 0 _aالأصول العلمية في المحاسبة الضريبية /
_c خالد الخطيب
260 _aعمان:
_bدار الحامد للنشر والتوزيع,
_c1998
300 _a350 صفحة؛
_bإيضاحات ؛
_c25 سم
504 _aالمراجع ص.347
520 _aماهية الضريبة، مفهوم الدخل، الدخل الخاضع للضريبة، معدلات الضريبة على الدخل، خصائص الضريبة على الدخل، الأشخاص الخاضعون للضريبة على الدخل، الغعفاءات من الضريبة على الدخل، النفقات والأعباء الواجبة الخصم من وعاء الضريبة على الدخل، تدوير الخسائر، ضريبة الدخل من كسب العمل، التصريح الضريبي والبيانات الواجبة على المكلف بضريبة الدخل تقديمها، المستندات والحسابات المنتظمة، تحصيل الضريبة والرديات، إعتراض وإستئناف قضايا ضريبة الدخل.
653 _aالضرائب- محاسبة
653 _aالضريبة على الدخل
653 _aالمحاسبة
653 _aالمحاسبة الضريبية
942 _cكتاب
999 _c43272
_d43272